Obras de Julián Marías.

I tiakina i:
Ngā taipitopito rārangi puna kōrero
Kaituhi matua: Marías, Julián (autor)
Hōputu: Pukapuka
Reo:Pāniora
I whakaputaina: Madrid, España: Revista de Occidente, 1960.
Ngā marau:
Ngā Tūtohu: Tāpirihia he Tūtohu
Kāore He Tūtohu, Me noho koe te mea tuatahi ki te tūtohu i tēnei pūkete!

MARC

LEADER 00000nam a22000007a 4500
003 CL-VaPUC
005 20250106155939.0
008 241216t1960 ||||| |||| 00| 0 spa d
999 |c 446336  |d 446334 
040 |c Pontificia Universidad Católica de Valparaíso 
082 |2 22  |a 196.1 MAR 1960 
100 |9 621963  |a Marías, Julián  |e autor 
245 |a Obras de Julián Marías. 
260 |a Madrid, España:  |b Revista de Occidente,  |c 1960. 
300 |a Volúmenes. 
500 |a c.1 Volumen V: Donación P.I.I.E. 2-12-2024. 
505 |a Volúmenes: - v. I: Historia de la Filosofía. - v.II: -- Introducción a la Filosofía. -- Idea de la Metafísica. -- Biografía de la Filosofía. - v.III: -- Aquí y ahora. -- Ensayos de convivencia. -- Estados Unidos en escorzo. -v.IV: -- San Anselmo y el insensato -- La filosofía del padre Gratry. -- Ensayos de teoría Intelectual y su mundo. -v.V: -- Miguel de Unamuno (Quinta edición). -- La Escuela de Madrid (Segunda edición). -- La Imagen de la vida humana (Segunda edición). 
583 |c 20241216  |k Yessy Sthefany Diaz Vidal 
650 0 |9 254895  |a Filosofía española   |v Crítica, historia, etc.  |y Siglo 20 
650 0 |9 894898  |a Spanish philosophy  |v Criticism, history, etc.  |y 20th century 
942 |2 ddc  |c BK 
952 |0 0  |1 0  |2 ddc  |4 0  |6 196_100000000000000_MAR_1960  |7 0  |8 A  |9 598697  |a BIBGIM  |b BIBGIM  |d 2024-12-16  |e Donación  |i 5663628  |o 196.1 MAR 1960  |p 5663628  |r 2025-01-15  |t 1  |w 2024-12-16  |y BK  |k ELE